Từ điển bách khoa sinh học

Na minha lista:
Detalhes bibliográficos
Formato: Livro
Idioma:Undetermined
Publicado em: Hà Nội Khoa học - Xã hội 24 cm
Assuntos:
Tags: Adicionar Tag
Sem tags, seja o primeiro a adicionar uma tag!
Thư viện lưu trữ: Trung tâm Học liệu Trường Đại học Cần Thơ
LEADER 00560nam a2200193Ia 4500
001 CTU_62087
008 210402s9999 xx 000 0 und d
020 |c 165000 
082 |a 570.3 
082 |b T550 
245 0 |a Từ điển bách khoa sinh học 
245 0 |c Trần Bá Cừ ( biên soạn )... [et al.] 
260 |a Hà Nội 
260 |b Khoa học - Xã hội 
260 |c 24 cm 
650 |a Biology 
650 |x Dictionaries 
904 |i Minh,Qhieu đã sửa 
980 |a Trung tâm Học liệu Trường Đại học Cần Thơ